[Event "Leningrad it"]
[Site "Leningrad"]
[Date "1990.??.??"]
[Round "?"]
[White "Sakaev, Konstantin"]
[Black "Sobolewski, Piotr"]
[Result "1-0"]
[WhiteElo "2370"]
[BlackElo "2305"]
[PlyCount "91"]
[EventDate "1990.??.??"]
[EventType "tourn"]
[EventRounds "13"]
[EventCountry "URS"]
[EventCategory "6"]
[SourceTitle "EXT 1997"]
[Source "ChessBase"]
[SourceDate "1996.11.15"]
[SourceVersion "1"]
[SourceVersionDate "1996.11.15"]
[SourceQuality "1"]

1. d4 Nf6 2. c4 g6 3. Nc3 d5 4. cxd5 Nxd5 5. e4 Nxc3 6. bxc3 Bg7 7. Bb5+ c6 8. Ba4 0-0 9. Ne2 Be6 10. Bb3 Bxb3 11. axb3 c5 12. dxc5 Qxd1+ 13. Kxd1 Na6 14. Be3 Rfc8 15. Ra5 Nb8 16. Kc2 Nc6 17. Ra4 b6 18. cxb6 axb6 19. Rxa8 Rxa8 20. Nd4 Rc8 21. Nb5 f5 22. Rd1 fxe4 23. Rd7 Be5 24. h3 Kf8 25. Rb7 Nb4+ 26. Kd2 Nd5 27. c4 Nf4 28. Bxb6 Nxg2 29. Na7 Ra8 30. Rd7 Re8 31. Rd5 Bf4+ 32. Kc3 e3 33. fxe3 Nxe3 34. Ra5 Nf1 35. Kd3 Nd2 36. Kc2 Rb8 37. c5 Nf3 38. Kd3 e5 39. b4 Ng5 40. h4 Ne6 41. Ke4 g5 42. hxg5 Nxg5+ 43. Kf5 Nf3 44. c6 Rxb6 45. c7 Nd4+ 46. Ke4 1-0